India, Pakistan, Banglades, and the major powers (Record no. 184343)

000 -LEADER
fixed length control field 00694 a2200181 4500
003 - CONTROL NUMBER IDENTIFIER
control field Nust
005 - DATE AND TIME OF LATEST TRANSACTION
control field 20230221122416.0
040 ## - CATALOGING SOURCE
Transcribing agency Nust
082 ## - DEWEY DECIMAL CLASSIFICATION NUMBER
Classification number 327.54, CHO
100 ## - MAIN ENTRY--PERSONAL NAME
Personal name G.W. Choudhury
9 (RLIN) 1192
245 ## - TITLE STATEMENT
Title India, Pakistan, Banglades, and the major powers
Statement of responsibility, etc. G.W. Choudhury
260 ## - PUBLICATION, DISTRIBUTION, ETC.
Place of publication, distribution, etc. The free press
Name of publisher, distributor, etc. New York
Date of publication, distribution, etc. London
300 ## - PHYSICAL DESCRIPTION
Extent xii, 276 p
Other physical details illus
Dimensions 18 cm
505 ## - FORMATTED CONTENTS NOTE
Formatted contents note The Soviet Union And The Subcontinent (Page-5), The United States And The Subcontinent (Page-71), China And The Subcontinent (Page-145), Bangladesh And Continuing Tensions (Page-199).
600 ## - SUBJECT ADDED ENTRY--PERSONAL NAME
Personal name G.W. Choudhury
9 (RLIN) 1192
650 ## - SUBJECT ADDED ENTRY--TOPICAL TERM
Topical term or geographic name entry element India, Pakistan, Banglades, and the major powers
9 (RLIN) 109334
942 ## - ADDED ENTRY ELEMENTS (KOHA)
Source of classification or shelving scheme
Koha item type Book
Holdings
Withdrawn status Lost status Source of classification or shelving scheme Damaged status Not for loan Permanent Location Current Location Shelving location Date acquired Full call number Barcode Date last seen Price effective from Koha item type Public note
          Military College of Signals (MCS) Military College of Signals (MCS) General Stacks 12/12/2016 327.54,CHO MCS1971 12/08/2016 12/12/2016 Book Almirah No.50, Shelf No.1
© 2023 Central Library, National University of Sciences and Technology. All Rights Reserved.